000 00261nam a2200133Ia 4500
100 _aOliver/W
942 _cBK
654 _aAutoslip
245 _aIllustrated Autoslip
260 _bBPB
_aNew Delhi
_c1990
300 _a256
546 _aENGLISH
999 _c20657
_d20657